Normal view
MARC view
- Police
Entry Topical Term
001 - CONTROL NUMBER
- control field: 12119
003 - CONTROL NUMBER IDENTIFIER
- control field: NUST
005 - DATE AND TIME OF LATEST TRANSACTION
- control field: 20180730100727.0
008 - FIXED-LENGTH DATA ELEMENTS
- fixed length control field: 180730|| aca||aabn | a|a d
040 ## - CATALOGING SOURCE
- Original cataloging agency: NUST
- Transcribing agency: NUST
150 ## - HEADING--TOPICAL TERM
- Topical term or geographic name entry element: Police
- Geographic subdivision: Massachusetts
- Form subdivision: Fiction.
670 ## - SOURCE DATA FOUND
- Source citation: Work cat.: (NUST)174460: Cornwell, Patricia Daniels. 11118, The front /, 2008.
